Ekvivalentný priemer hriadeľa pre určenie súčiniteľa Knß pri pevnostnom výpočte čelného ozubeného súkolesia

Bibliographic Details
Main Author: Čomaj, Ivan (Author)
Format: Article
Language:Slovak
ISBN:8096763687

MARC

LEADER 00000naa a2200000uu 4500
001 vtls011088218
003 SK-MaSNL
005 20260302105715.0
008 210905|1997 xo |||||||||||||||||slo|
015 |a SNBRA 
035 |a (urnnbn)urn:nbn:sk:snk:ar-a0co7d 
035 |a (uuid)d45e0830-bc4b-4c0f-820c-f98d954ccedb 
035 |a urn:nbn:sk:snk-aavu0r 
040 |a SNKBUCL  |b slo  |c SNKBUCL  |e AACR2 
041 0 |a slo 
044 |a xo  |c SK 
100 1 |a Čomaj, Ivan  |4 aut  |9 10618 
245 1 0 |a Ekvivalentný priemer hriadeľa pre určenie súčiniteľa Knß pri pevnostnom výpočte čelného ozubeného súkolesia  |c Ivan Čomaj 
773 0 |t Nové trendy v strojárstve na prahu tretieho tisícročia  |d Košice : Štroffek, 1997  |g S. 60-62  |z 8096763687 
958 |a OND 
958 |a article12 
958 |a chapter 
999 |c 1239921  |d 1241851